College Quizbowl Stats
College Quizbowl Stats
Circuits
Seasons
Sets
Records
Detailed Stats
About
Loading...
2024 Booster Shot (Columbia)
Tossups
Bonuses
Players
Teams
Categories (Tossup)
Categories (Bonus)
Sam Shottes
Gatherer
Categories
Category
Powers
Gets
Negs
BBs
Points
Earliest Buzz
Avg. Buzz
First Buzzes
Top 3 Buzzes
History - European History
1
3
0
0
45
39
66.50
1
4
History - World History
1
2
0
1
35
36
79.67
1
1
Literature - World Literature
0
1
0
0
10
151
151.00
0
0
Religion
0
1
0
1
10
125
125.00
0
0
Buzzes
Category
Answer
Value
Buzz Position
History - World History
Táng dynasty
15
36
History - European History
Byzantine Emperor
15
39
History - European History
Kingdom of Hungary
10
72
History - World History
House of Saud
10
72
History - European History
Poland
10
73
History - European History
Battle of Agincourt
10
82
Religion
Manichaeism
10
125
History - World History
Tenochtitlan
10
131
Literature - World Literature
prophets
10
151
Previous
1
Next